Indian national report: Upper Mantle Project, 1963-66. (Record no. 89045)

MARC details
000 -LEADER
fixed length control field 00975cam a2200289 4500
001 - CONTROL NUMBER
control field sa 68019750
003 - CONTROL NUMBER IDENTIFIER
control field DLC
005 - DATE AND TIME OF LATEST TRANSACTION
control field 20260227112719.0
008 - FIXED-LENGTH DATA ELEMENTS--GENERAL INFORMATION
fixed length control field 720710s1967 ii ab b 000 0 eng
010 ## - LIBRARY OF CONGRESS CONTROL NUMBER
LC control number sa 68019750
025 ## - OVERSEAS ACQUISITION NUMBER
Overseas acquisition number PL480:I-E-10211
040 ## - CATALOGING SOURCE
Original cataloging agency DLC
Transcribing agency DLC
Modifying agency DLC
-- ICU
-- DLC
043 ## - GEOGRAPHIC AREA CODE
Geographic area code a-ii---
050 00 - LIBRARY OF CONGRESS CALL NUMBER
Classification number QC801
Item number .H86 no. 10
Classification number QE501
110 1# - MAIN ENTRY--CORPORATE NAME
Corporate name or jurisdiction name as entry element Hyderabad (India).
Subordinate unit Geophysics Research Board.
245 10 - TITLE STATEMENT
Title Indian national report: Upper Mantle Project, 1963-66.
260 ## - PUBLICATION, DISTRIBUTION, ETC.
Place of publication, distribution, etc. Hyderabad, India,
Date of publication, distribution, etc. 1967.
300 ## - PHYSICAL DESCRIPTION
Extent ix, 93 p.
Other physical details illus., maps.
Dimensions 25 cm.
350 ## - PRICE (NR) (BK AM CF MU VM SE) [OBSOLETE]
Price Rs2.75
490 1# - SERIES STATEMENT
Series statement GRB and NGRI publication, no. 10
500 ## - GENERAL NOTE
General note At head of title: International Council of Scientific Unions. Upper Mantle Committee.
504 ## - BIBLIOGRAPHY, ETC. NOTE
Bibliography, etc. note Includes bibliographies.
650 #0 - SUBJECT ADDED ENTRY--TOPICAL TERM
Topical term or geographic name entry element Geophysics
Geographic subdivision India.
610 20 - SUBJECT ADDED ENTRY--CORPORATE NAME
Corporate name or jurisdiction name as entry element International Upper Mantle Project.
710 2# - ADDED ENTRY--CORPORATE NAME
Corporate name or jurisdiction name as entry element International Upper Mantle Committee.
830 #0 - SERIES ADDED ENTRY--UNIFORM TITLE
Uniform title GRB & NGRI publication ;
Volume/sequential designation no. 10.

No items available.

Powered by Koha